书目信息 |
| 题名: |
有机光化学
|
|
| 作者: | 高振衡 编译 | |
| 分册: | ||
| 出版信息: | 北京 人民教育出版社 1979 |
|
| 页数: | 318页 | |
| 开本: | 19cm | |
| 丛书名: | ||
| 单 册: | ||
| 中图分类: | O644.1 | |
| 科图分类: | ||
| 主题词: | 有机化学:光化学 , 光化学:有机化学 , 物理化学 , 量子化学 | |
| 电子资源: | ||
| ISBN: | ||
| 000 | 00698nam0 2200277 45 | |
| 001 | 0179000127 | |
| 005 | 20040917090025.8 | |
| 010 | @dCNY0.75 | |
| 091 | @a13012.0306 | |
| 100 | @a19950727d1979 em y0chiy0121 ea | |
| 101 | 1 | @achi |
| 102 | @aCN@b110000 | |
| 105 | @ay z 000yy | |
| 106 | @ar | |
| 200 | 10 | @a有机光化学@Ayou ji guang hua xue@f高振衡编译 |
| 210 | @a北京@c人民教育出版社@d1979 | |
| 215 | @a318页@d19cm | |
| 300 | @a高等学校教学参考书 | |
| 606 | @a有机化学:光化学 | |
| 606 | @a光化学:有机化学 | |
| 606 | 0 | @a物理化学 |
| 606 | 0 | @a量子化学 |
| 690 | @aO644.1@v3 | |
| 701 | 0 | @a高振衡@Agao zhen heng@4编译 |
| 801 | 0 | @aCN@bNLC@c20040520 |
| 905 | @dO644.1@e1@f1@b28829 | |
| 有机光化学/高振衡编译.-北京:人民教育出版社,1979 |
| 318页;19cm |
| 高等学校教学参考书 |
| ISBN :CNY0.75 |
| ● |
| 相关链接 |
|
|
|
|
正题名:有机光化学
索取号:O644.1/1
 
预约/预借
| 序号 | 登录号 | 条形码 | 馆藏地/架位号 | 状态 | 备注 |
| 1 | 0028828 | 000342962 | 第三借阅区/ [索取号:O644.1/1] | 在馆 | |
| 2 | 0028829 | 001959376 | 第三借阅区/ [索取号:O644.1/1] | 在馆 | |
| 3 | 0028830 | 000342953 | 第二样本阅览室/ [索取号:O644.1/1] | 在馆 |